000 00766cab a2200193 4500
001 WB2321-11
008 090401t1987 xxu||||| |||| 00| 0 eng d
035 _a(Sirsi) u731
041 _aeng
245 _aMistake dispute apt for arbitration
260 _c1987
350 _a0
490 _aTimes
_v29/5/87 p38
520 _aIn Ashville Investments Ltd v Elmer Contractors Ltd CA 20 May 1987 it was held that a dispute between building owners and building contractors concerning an alleged mistake made at the time the contract was entered into, was within the scope of the arbitration clause in the standard JCT (July 1977 revision).
650 _aSTANDARD FORMS OF CONTRACT
690 _aBUILDING AND CONSTRUCTION-CASE LAW
942 _n0
948 _c04/03/1997
999 _c384
_d384